Laddar...

Introducing second language acquisition

Bibliografiska uppgifter
Huvudupphovsman: Saville-Troike,Muriel
Materialtyp: Printed Book
Publicerad: Newyork Cambridge universtiy prress 2006
LEADER 00473nam a22001337a 4500
999 |c 296389  |d 296389 
020 |a 9780521794077 
082 |a 418.0071  |b SAV/I 
100 |a Saville-Troike,Muriel 
245 |a Introducing second language acquisition 
260 |a Newyork  |b Cambridge universtiy prress  |c 2006 
300 |a 206p. 
942 |c BK 
952 |0 0  |1 0  |4 0  |6 418_007100000000000_SAV_I  |7 0  |8 NFIC  |9 315764  |a RUS  |b RUS  |c GEN  |d 2020-08-19  |g 950.00  |l 0  |o 418.0071 SAV/I  |p RUS15066  |r 2020-08-19  |w 2020-08-19  |y BK